[Event "WYCC U18 Open 2019"]
[Site "Mumbai"]
[Date "2019.10.10"]
[Round "9.12"]
[White "Sibi Visal R"]
[Black "Gumularz, Szymon"]
[Result "1/2-1/2"]
[WhiteElo "2064"]
[BlackElo "2505"]
[Annotator "ChessBase"]
[PlyCount "80"]
[EventDate "2019.10.02"]
[EventType "swiss"]
[EventCountry "IND"]
[SourceTitle "playchess.com"]
[Source "ChessBase"]
[SourceQuality "1"]
[TimeControl "40/5400+30:1800+30"]

1. c4 {[%emt 0:00:00]} g6 {[%emt 0:00:00]} 2. Nc3 {[%emt 0:00:00]} Bg7 {[%emt 0:00:00]} 3. g3 {[%emt 0:00:00]} Nf6 {[%emt 0:00:01]} 4. Bg2 {[%emt 0:00:00]} O-O {[%emt 0:00:08]} 5. Nf3 {[%emt 0:00:00]} d6 {[%emt 0:00:08]} 6. O-O {[%emt 0:00:00]} e5 {[%emt 0:00:15]} 7. d3 {[%emt 0:00:00]} Nc6 {[%emt 0:00:55]} 8. Bg5 {[%emt 0:00:00]} h6 {[%emt 0:02:09]} 9. Bxf6 {[%emt 0:00:01]} Bxf6 {[%emt 0:00:04]} 10. Rb1 {[%emt 0:00:07]} Bg7 {[%emt 0:08:26]} 11. b4 {[%emt 0:00:16]} f5 {[%emt 0:00:05]} 12. b5 {[%emt 0:00:01]} Ne7 {[%emt 0:00:05]} 13. Qc2 {[%emt 0:00:10]} g5 {[%emt 0:06:59]} 14. Nd5 {[%emt 0:00:10]} Ng6 {[%emt 0:13:52]} 15. Nd2 {[%emt 0:00:47]} Be6 {[%emt 0:11:02]} 16. a4 {[%emt 0:04:08]} Qd7 {[%emt 0:03:01]} 17. Nb4 {[%emt 0:09:27]} Rab8 {[%emt 0:02:08]} 18. a5 {[%emt 0:00:09]} e4 {[%emt 0:10:05]} 19. dxe4 {[%emt 0:02:30]} f4 {[%emt 0:00:07]} 20. Nd3 {[%emt 0:07:15]} b6 {[%emt 0:07:59]} 21. a6 {[%emt 0:02:00]} g4 {[%emt 0:00:22]} 22. Nxf4 {[%emt 0:13:25]} Nxf4 {[%emt 0:00:35]} 23. gxf4 {[%emt 0:06:23]} Rxf4 {[%emt 0:00:07]} 24. e3 {[%emt 0:00:22]} Rff8 {[%emt 0:10:38]} 25. f4 {[%emt 0:09:10]} gxf3 {[%emt 0:00:10]} 26. Nxf3 {[%emt 0:00:02]} Qe7 {[%emt 0:04:04]} 27. Nd4 {[%emt 0:01:28]} Bd7 {[%emt 0:01:53]} 28. Kh1 {[%emt 0:10:00]} Be5 {[%emt 0:00:57]} 29. Nf5 {[%emt 0:02:12]} Qh7 {[%emt 0:04:45]} 30. Bh3 {[%emt 0:11:20]} Kh8 {[%emt 0:00:39]} 31. Rg1 {[%emt 0:00:01]} Rg8 {[%emt 0:03:18]} 32. Qf2 {[%emt 0:01:35]} Be6 {[%emt 0:07:04]} 33. Qh4 {[%emt 0:03:41]} h5 {[%emt 0:02:37]} 34. Ne7 {[%emt 0:07:21]} Rg4 {[%emt 0:00:23]} 35. Rxg4 {[%emt 0:00:02]} Bxg4 {[%emt 0:00:08]} 36. Nf5 {[%emt 0:03:04]} Bf3+ {[%emt 0:00:52]} 37. Bg2 {[%emt 0:00:02]} Be2 {[%emt 0:00:46]} 38. Bf1 {[%emt 0:01:14]} Bf3+ {[%emt 0:00:21]} 39. Bg2 {[%emt 0:00:01]} Be2 {[%emt 0:00:23]} 40. Bf1 {[%emt 0:00:01]} Bf3+ {[%emt 0:00:51]} 1/2-1/2

[Event "WYCC U18 Open 2019"]
[Site "Mumbai"]
[Date "2019.10.10"]
[Round "9.13"]
[White "Rahul Srivatshav P"]
[Black "Donoso Diaz, Sebastian"]
[Result "1-0"]
[WhiteElo "2460"]
[BlackElo "2203"]
[Annotator "ChessBase"]
[PlyCount "49"]
[EventDate "2019.10.02"]
[EventType "swiss"]
[EventCountry "IND"]
[SourceTitle "playchess.com"]
[Source "ChessBase"]
[SourceQuality "1"]
[TimeControl "40/5400+30:1800+30"]

1. c4 c5 2. Nf3 Nc6 3. b3 Nf6 4. Bb2 e6 5. g3 d5 6. cxd5 exd5 7. Bg2 Bg4 8. O-O Bxf3 9. Bxf3 h5 10. h4 Bd6 11. e3 Rh6 12. Nc3 Qe7 13. Nxd5 Nxd5 14. Bxd5 O-O-O 15. Bxc6 bxc6 16. Qf3 Rg6 17. Rac1 Qd7 18. Kg2 Rg4 19. d4 cxd4 20. Rxc6+ Kb8 21. Bxd4 g5 22. Rd1 gxh4 23. Be5 Bxe5 24. Rxd7 Rxd7 25. Qf5 1-0

[Event "WYCC U18 Open 2019"]
[Site "Mumbai"]
[Date "2019.10.10"]
[Round "9.14"]
[White "Vinay Thomas Abraham"]
[Black "Wang, Shixu B"]
[Result "0-1"]
[WhiteElo "1971"]
[BlackElo "2370"]
[Annotator "ChessBase"]
[PlyCount "86"]
[EventDate "2019.10.02"]
[EventType "swiss"]
[EventCountry "IND"]
[SourceTitle "playchess.com"]
[Source "ChessBase"]
[SourceQuality "1"]
[TimeControl "40/5400+30:1800+30"]

1. e4 {[%emt 0:00:00]} c6 {[%emt 0:00:00]} 2. Nf3 {[%emt 0:00:00]} d5 {[%emt 0:00:00]} 3. exd5 {[%emt 0:00:00]} cxd5 {[%emt 0:00:07]} 4. Ne5 {[%emt 0:00:00]} Nf6 {[%emt 0:00:13]} 5. d4 {[%emt 0:00:00]} g6 {[%emt 0:00:23]} 6. Bd3 {[%emt 0:00:00]} Bg7 {[%emt 0:00:13]} 7. c3 {[%emt 0:00:00]} O-O {[%emt 0:00:06]} 8. Qe2 {[%emt 0:00:00]} Nc6 {[%emt 0:04:34]} 9. O-O {[%emt 0:00:17]} Nxe5 {[%emt 0:01:18]} 10. dxe5 {[%emt 0:00:26]} Nd7 {[%emt 0:00:12]} 11. f4 {[%emt 0:00:36]} Nc5 {[%emt 0:09:56]} 12. Be3 {[%emt 0:01:39]} Nxd3 {[%emt 0:00:52]} 13. Qxd3 {[%emt 0:00:04]} Bf5 {[%emt 0:00:18]} 14. Qe2 {[%emt 0:00:14]} Qc7 {[%emt 0:11:52]} 15. Nd2 {[%emt 0:00:25]} Rfd8 {[%emt 0:00:26]} 16. Bd4 {[%emt 0:00:23]} Bd7 {[%emt 0:06:39]} 17. Qe3 {[%emt 0:05:43]} b6 {[%emt 0:04:03]} 18. Rae1 {[%emt 0:00:24]} Bf5 {[%emt 0:09:53]} 19. h3 {[%emt 0:00:47]} h5 {[%emt 0:00:04]} 20. Nf3 {[%emt 0:03:11]} e6 {[%emt 0:00:39]} 21. Nd2 {[%emt 0:02:36]} Bf8 {[%emt 0:01:30]} 22. Qe2 {[%emt 0:02:23]} h4 {[%emt 0:02:12]} 23. Nf3 {[%emt 0:02:10]} Be7 {[%emt 0:00:01]} 24. Bf2 {[%emt 0:01:05]} Qc4 {[%emt 0:01:02]} 25. Qxc4 {[%emt 0:05:20]} dxc4 {[%emt 0:00:02]} 26. Rd1 {[%emt 0:02:35]} Be4 {[%emt 0:06:06]} 27. Nxh4 {[%emt 0:11:46]} b5 {[%emt 0:00:42]} 28. Rfe1 {[%emt 0:05:25]} Bd5 {[%emt 0:03:29]} 29. g3 {[%emt 0:09:50]} b4 {[%emt 0:08:21]} 30. Rd2 {[%emt 0:05:03]} a5 {[%emt 0:01:54]} 31. Rc1 {[%emt 0:14:17]} a4 {[%emt 0:01:35]} 32. cxb4 {[%emt 0:03:14]} Bxb4 {[%emt 0:00:36]} 33. Rdd1 {[%emt 0:06:07]} a3 {[%emt 0:00:28]} 34. bxa3 {[%emt 0:00:11]} Bxa3 {[%emt 0:00:13]} 35. Rc2 {[%emt 0:02:24]} Rdc8 {[%emt 0:03:48]} 36. Ng2 {[%emt 0:08:38]} Be4 {[%emt 0:02:23]} 37. Rc3 {[%emt 0:00:24]} Bb2 {[%emt 0:00:06]} 38. Re3 {[%emt 0:00:30]} Bxg2 {[%emt 0:03:29]} 39. Kxg2 {[%emt 0:00:52]} c3 {[%emt 0:00:04]} 40. Ree1 {[%emt 0:04:15]} c2 {[%emt 0:00:08]} 41. Rc1 {[%emt 0:30:27]} Bxc1 {[%emt 0:30:11]} 42. Rxc1 {[%emt 0:00:06]} Rab8 {[%emt 0:00:09]} 43. Kf1 {[%emt 0:00:15]} Rb1 {[%emt 0:00:15]} 0-1

[Event "WYCC U18 Open 2019"]
[Site "Mumbai"]
[Date "2019.10.10"]
[Round "9.15"]
[White "Srijit Paul"]
[Black "Om Kharola"]
[Result "0-1"]
[WhiteElo "2317"]
[BlackElo "2328"]
[Annotator "NA"]
[PlyCount "92"]
[EventDate "2019.10.02"]
[EventType "swiss"]
[EventCountry "IND"]
[SourceTitle "playchess.com"]
[Source "ChessBase"]
[SourceQuality "1"]
[TimeControl "40/5400+30:1800+30"]

1. e4 {[%emt 0:00:00]} c5 {[%emt 0:00:00]} 2. Nf3 {[%emt 0:00:00]} e6 {[%emt 0:00:00]} 3. d3 {[%emt 0:00:10]} Nc6 {[%emt 0:00:00]} 4. g3 {[%emt 0:00:06]} Nf6 {[%emt 0:00:25]} 5. Bg2 {[%emt 0:00:05]} d5 {[%emt 0:00:04]} 6. Nbd2 {[%emt 0:00:04]} Be7 {[%emt 0:00:07]} 7. O-O {[%emt 0:00:05]} O-O {[%emt 0:00:08]} 8. Re1 {[%emt 0:00:05]} b5 {[%emt 0:00:17]} 9. c3 {[%emt 0:01:40]} a5 {[%emt 0:01:09]} 10. Nf1 {[%emt 0:02:07]} a4 {[%emt 0:04:26]} 11. Bg5 {[%emt 0:03:55]} b4 {[%emt 0:02:55]} 12. a3 {[%emt 0:04:59]} bxc3 {[%emt 0:03:17]} 13. bxc3 {[%emt 0:00:04]} h6 {[%emt 0:00:59]} 14. Bf4 {[%emt 0:00:20]} Bd7 {[%emt 0:03:24]} 15. e5 {[%emt 0:01:27]} Ne8 {[%emt 0:00:05]} 16. h4 {[%emt 0:00:05]} f5 {[%emt 0:03:52]} 17. exf6 {[%emt 0:02:53]} Bxf6 {[%emt 0:00:14]} 18. Qd2 {[%emt 0:00:16]} Na5 {[%emt 0:01:05]} 19. Rad1 {[%emt 0:00:34]} Nb3 {[%emt 0:00:17]} 20. Qc2 {[%emt 0:00:04]} Nc7 {[%emt 0:02:01]} 21. c4 {[%emt 0:01:25]} Be8 {[%emt 0:15:18]} 22. N1h2 {[%emt 0:16:52]} Ra7 {[%emt 0:13:20]} 23. Bh3 {[%emt 0:05:58]} Kh8 {[%emt 0:05:42]} 24. Be5 {[%emt 0:03:14]} Bh5 {[%emt 0:06:39]} 25. Bg4 {[%emt 0:00:22]} Qe8 {[%emt 0:00:07]} 26. Bxf6 {[%emt 0:12:27]} gxf6 {[%emt 0:02:24]} 27. cxd5 {[%emt 0:01:46]} e5 {[%emt 0:00:41]} 28. Nd2 {[%emt 0:03:04]} Bxg4 {[%emt 0:05:19]} 29. Nxg4 {[%emt 0:00:05]} Nd4 {[%emt 0:01:22]} 30. Qxc5 {[%emt 0:00:10]} Ncb5 {[%emt 0:00:02]} 31. Qb6 {[%emt 0:04:10]} Qc8 {[%emt 0:03:20]} 32. Nxe5 {[%emt 0:05:18]} Ra6 {[%emt 0:01:14]} 33. Ng6+ {[%emt 0:00:39]} Kg7 {[%emt 0:00:06]} 34. Qxa6 {[%emt 0:11:05]} Qxa6 {[%emt 0:00:07]} 35. Nxf8 {[%emt 0:00:03]} Kxf8 {[%emt 0:00:07]} 36. Rc1 {[%emt 0:00:04]} Qa5 {[%emt 0:08:12]} 37. Rc8+ {[%emt 0:06:10]} Kf7 {[%emt 0:00:30]} 38. Rce8 {[%emt 0:02:46]} Qxd2 {[%emt 0:02:42]} 39. R1e7+ {[%emt 0:00:06]} Kg6 {[%emt 0:00:05]} 40. Rg8+ {[%emt 0:00:12]} Kh5 {[%emt 0:04:48]} 41. Kg2 {[%emt 0:30:53]} f5 {[%emt 0:36:17]} 42. Re3 {[%emt 0:12:23]} Nc3 {[%emt 0:00:56]} 43. g4+ {[%emt 0:02:06]} fxg4 {[%emt 0:00:09]} 44. Rf8 {[%emt 0:00:00]} Nf3 {[%emt 0:00:00]} 45. Rfe8 {[%emt 0:00:00]} Nxh4+ {[%emt 0:00:00]} 46. Kg1 {[%emt 0:00:00]} Qd1+ {[%emt 0:00:00]} 0-1

[Event "WYCC U18 Open 2019"]
[Site "Mumbai"]
[Date "2019.10.10"]
[Round "9.16"]
[White "Sambarta Banerjee"]
[Black "Vanczak, Tamas"]
[Result "1/2-1/2"]
[WhiteElo "1859"]
[BlackElo "2327"]
[Annotator "ChessBase"]
[PlyCount "67"]
[EventDate "2019.10.02"]
[EventType "swiss"]
[EventCountry "IND"]
[SourceTitle "playchess.com"]
[Source "ChessBase"]
[SourceQuality "1"]
[TimeControl "40/5400+30:1800+30"]

1. d4 {[%emt 0:00:00]} Nf6 {[%emt 0:00:00]} 2. c4 {[%emt 0:00:00]} e6 {[%emt 0:00:07]} 3. Nc3 {[%emt 0:00:00]} Bb4 {[%emt 0:00:21]} 4. Qc2 {[%emt 0:00:00]} d6 {[%emt 0:00:29]} 5. Nf3 {[%emt 0:03:37]} Nbd7 {[%emt 0:00:27]} 6. g3 {[%emt 0:05:38]} O-O {[%emt 0:01:16]} 7. Bg2 {[%emt 0:01:32]} e5 {[%emt 0:00:49]} 8. O-O {[%emt 0:01:41]} Re8 {[%emt 0:02:18]} 9. dxe5 {[%emt 0:08:33]} dxe5 {[%emt 0:00:29]} 10. Bg5 {[%emt 0:03:44]} h6 {[%emt 0:03:29]} 11. Bxf6 {[%emt 0:04:38]} Nxf6 12. Rad1 {[%emt 0:00:48]} Qe7 {[%emt 0:20:16]} 13. a3 {[%emt 0:03:02]} Bxc3 {[%emt 0:01:38]} 14. Qxc3 {[%emt 0:00:02]} e4 {[%emt 0:01:48]} 15. Nd4 {[%emt 0:03:12]} c6 {[%emt 0:00:32]} 16. Nc2 {[%emt 0:04:18]} Bg4 {[%emt 0:04:29]} 17. Rd2 {[%emt 0:00:28]} Rad8 {[%emt 0:03:23]} 18. Ne3 {[%emt 0:01:32]} Rxd2 {[%emt 0:04:00]} 19. Qxd2 {[%emt 0:00:09]} Rd8 {[%emt 0:00:23]} 20. Qc2 {[%emt 0:00:07]} Bh5 {[%emt 0:10:00]} 21. Rd1 {[%emt 0:00:39]} Rxd1+ {[%emt 0:02:38]} 22. Qxd1 {[%emt 0:00:02]} Qe5 {[%emt 0:00:24]} 23. Qd2 {[%emt 0:03:41]} Ng4 {[%emt 0:02:27]} 24. Nxg4 {[%emt 0:14:11]} Bxg4 {[%emt 0:00:07]} 25. e3 {[%emt 0:03:02]} Be6 {[%emt 0:11:05]} 26. Qd8+ {[%emt 0:06:02]} Kh7 {[%emt 0:00:08]} 27. Qd4 {[%emt 0:00:57]} Qxd4 {[%emt 0:03:13]} 28. exd4 {[%emt 0:00:07]} Bxc4 {[%emt 0:08:35]} 29. Bxe4+ {[%emt 0:00:08]} g6 {[%emt 0:00:06]} 30. f4 {[%emt 0:01:58]} f5 {[%emt 0:01:56]} 31. Bf3 {[%emt 0:00:32]} Kg7 {[%emt 0:00:23]} 32. Kf2 {[%emt 0:00:07]} Kf6 {[%emt 0:00:11]} 33. Ke3 {[%emt 0:00:08]} Ke6 {[%emt 0:00:37]} 34. Bd1 {[%emt 0:00:57] Ke5 Ke4+} 1/2-1/2

[Event "WYCC U18 Open 2019"]
[Site "Mumbai"]
[Date "2019.10.11"]
[Round "10.1"]
[White "Praggnanandhaa R"]
[Black "Pultinevicius, Paulius"]
[Result "1-0"]
[WhiteElo "2567"]
[BlackElo "2503"]
[Annotator "ChessBase"]
[PlyCount "125"]
[EventDate "2019.10.02"]
[EventType "swiss"]
[EventCountry "IND"]
[SourceTitle "playchess.com"]
[Source "ChessBase"]
[SourceQuality "1"]
[TimeControl "40/5400+30:1800+30"]

1. e4 {[%emt 0:00:00]} c6 {[%emt 0:00:00]} 2. d4 {[%emt 0:00:05]} d5 {[%emt 0:00:03]} 3. e5 {[%emt 0:00:04]} Bf5 {[%emt 0:00:37]} 4. Nd2 {[%emt 0:00:44]} e6 {[%emt 0:00:12]} 5. Nb3 {[%emt 0:00:07]} Nd7 {[%emt 0:00:10]} 6. Nf3 {[%emt 0:00:07]} c5 {[%emt 0:01:15]} 7. dxc5 {[%emt 0:07:12]} Bxc5 {[%emt 0:00:11]} 8. Nxc5 {[%emt 0:05:26]} Nxc5 {[%emt 0:00:07]} 9. Nd4 {[%emt 0:02:26]} Ne7 {[%emt 0:00:13]} 10. Bb5+ {[%emt 0:06:41]} Nd7 {[%emt 0:01:39]} 11. f4 {[%emt 0:01:29]} Be4 {[%emt 0:04:41]} 12. O-O {[%emt 0:04:58]} O-O {[%emt 0:04:39]} 13. Be3 {[%emt 0:04:00]} Rc8 {[%emt 0:03:00]} 14. Bf2 {[%emt 0:12:56]} a6 {[%emt 0:14:29]} 15. Be2 {[%emt 0:02:27]} Nc5 {[%emt 0:01:55]} 16. c3 {[%emt 0:04:53]} b5 {[%emt 0:03:56]} 17. Nb3 {[%emt 0:05:08]} Na4 {[%emt 0:01:34]} 18. Qd2 {[%emt 0:00:43]} Nf5 {[%emt 0:02:29]} 19. Nd4 {[%emt 0:02:58]} Qd7 {[%emt 0:14:35]} 20. Rac1 {[%emt 0:17:33]} Rc7 {[%emt 0:05:54]} 21. b3 {[%emt 0:05:12]} Nc5 {[%emt 0:00:52]} 22. Rfd1 {[%emt 0:00:28]} Rfc8 {[%emt 0:03:38]} 23. Qb2 {[%emt 0:00:58]} Rb8 {[%emt 0:11:18]} 24. Qa3 {[%emt 0:01:33]} Qc8 {[%emt 0:00:26]} 25. Bf1 {[%emt 0:06:22]} Ne7 {[%emt 0:01:37]} 26. c4 {[%emt 0:00:58]} dxc4 {[%emt 0:01:42]} 27. bxc4 {[%emt 0:00:08]} b4 {[%emt 0:05:19]} 28. Qa5 {[%emt 0:03:46]} Nd7 {[%emt 0:06:46]} 29. Nb3 {[%emt 0:02:16]} h6 {[%emt 0:05:05]} 30. c5 {[%emt 0:02:19]} Bb7 {[%emt 0:03:49]} 31. Rd6 {[%emt 0:00:43]} Nc6 {[%emt 0:02:29]} 32. Qa4 {[%emt 0:00:07]} g5 {[%emt 0:00:34]} 33. Na5 {[%emt 0:00:58]} Nxa5 {[%emt 0:00:41]} 34. Qxa5 {[%emt 0:00:01]} gxf4 {[%emt 0:00:27]} 35. c6 {[%emt 0:00:29]} Bxc6 {[%emt 0:00:36]} 36. Bxa6 {[%emt 0:00:09]} Ra8 {[%emt 0:00:30]} 37. Bxc8 {[%emt 0:00:31]} Rxa5 {[%emt 0:00:04]} 38. Bxd7 {[%emt 0:01:10]} Rxd7 {[%emt 0:00:06]} 39. Rcxc6 {[%emt 0:00:07]} Rb7 {[%emt 0:00:47]} 40. Ra6 {[%emt 0:01:14]} Rxe5 {[%emt 0:00:55]} 41. Rab6 {[%emt 0:04:29]} Rxb6 {[%emt 0:03:24]} 42. Rxb6 {[%emt 0:00:36]} Ra5 {[%emt 0:00:26]} 43. Rxb4 {[%emt 0:01:12]} Rxa2 {[%emt 0:00:04]} 44. Bd4 {[%emt 0:00:14]} Ra5 {[%emt 0:00:57]} 45. Bf6 {[%emt 0:05:11]} Rf5 {[%emt 0:00:48]} 46. Bb2 {[%emt 0:00:23]} Kh7 {[%emt 0:02:17]} 47. Re4 {[%emt 0:01:53]} Kg6 {[%emt 0:05:53]} 48. Be5 {[%emt 0:02:02]} Kg5 {[%emt 0:02:09]} 49. Bd6 {[%emt 0:01:12]} f3 {[%emt 0:00:14]} 50. g3 {[%emt 0:01:44]} Rd5 {[%emt 0:00:58]} 51. Be7+ {[%emt 0:00:50]} Kg6 {[%emt 0:00:30]} 52. Rg4+ {[%emt 0:00:20]} Kh5 {[%emt 0:00:27]} 53. Rg7 {[%emt 0:01:09]} f5 {[%emt 0:00:15]} 54. h3 {[%emt 0:00:12]} Rd4 {[%emt 0:01:59]} 55. Kf2 {[%emt 0:00:17]} e5 {[%emt 0:00:15]} 56. Kxf3 {[%emt 0:00:37]} Rd3+ {[%emt 0:00:20]} 57. Ke2 {[%emt 0:00:40]} Rd4 {[%emt 0:00:00]} 58. Bf6 {[%emt 0:01:06]} Ra4 {[%emt 0:00:00]} 59. Kd3 {[%emt 0:00:30]} Rd4+ {[%emt 0:00:21]} 60. Kc3 {[%emt 0:00:30]} Re4 {[%emt 0:00:10]} 61. Rg8 {[%emt 0:00:30]} Ra4 {[%emt 0:05:13]} 62. Bxe5 {[%emt 0:00:34]} Ra1 {[%emt 0:00:30]} 63. Rh8 {[%emt 0:00:48]} 1-0

[Event "WYCC U18 Open 2019"]
[Site "Mumbai"]
[Date "2019.10.11"]
[Round "10.2"]
[White "Mitrabha, Guha"]
[Black "Sargsyan, Shant"]
[Result "0-1"]
[WhiteElo "2434"]
[BlackElo "2580"]
[Annotator "ChessBase"]
[PlyCount "90"]
[EventDate "2019.10.02"]
[EventType "swiss"]
[EventCountry "IND"]
[SourceTitle "playchess.com"]
[Source "ChessBase"]
[SourceQuality "1"]
[TimeControl "40/5400+30:1800+30"]

1. d4 {[%emt 0:06:51]} Nf6 {[%emt 0:01:01]} 2. c4 {[%emt 0:00:06]} g6 {[%emt 0:00:27]} 3. g3 {[%emt 0:00:08]} Bg7 {[%emt 0:00:31]} 4. Bg2 {[%emt 0:00:06]} O-O {[%emt 0:00:33]} 5. Nf3 {[%emt 0:00:04]} d6 {[%emt 0:00:45]} 6. Nc3 {[%emt 0:00:08]} Nbd7 {[%emt 0:00:50]} 7. O-O {[%emt 0:00:10]} e5 {[%emt 0:00:26]} 8. Qc2 {[%emt 0:00:07]} Re8 {[%emt 0:03:13]} 9. Rd1 {[%emt 0:00:08]} c6 {[%emt 0:02:12]} 10. e4 {[%emt 0:00:33]} exd4 {[%emt 0:04:32]} 11. Nxd4 {[%emt 0:00:06]} Ne5 {[%emt 0:03:25]} 12. c5 {[%emt 0:04:35]} d5 {[%emt 0:38:59]} 13. exd5 {[%emt 0:01:00]} Nxd5 {[%emt 0:01:23]} 14. Nxd5 {[%emt 0:02:00]} cxd5 {[%emt 0:00:01]} 15. h3 {[%emt 0:05:45]} Be6 {[%emt 0:06:37]} 16. Bf4 {[%emt 0:09:36]} Rc8 {[%emt 0:01:13]} 17. Rac1 {[%emt 0:02:46]} Qd7 {[%emt 0:00:52]} 18. Kh2 {[%emt 0:00:44]} Nc6 {[%emt 0:03:22]} 19. Be3 {[%emt 0:08:49]} Ne5 {[%emt 0:07:27]} 20. b3 {[%emt 0:06:30]} a6 {[%emt 0:01:28]} 21. Qd2 {[%emt 0:00:54]} Qe7 {[%emt 0:02:15]} 22. Re1 {[%emt 0:01:23]} Nc6 {[%emt 0:02:14]} 23. b4 {[%emt 0:03:39]} Qd7 {[%emt 0:05:41]} 24. a3 {[%emt 0:01:05]} Rcd8 {[%emt 0:03:56]} 25. Rcd1 {[%emt 0:00:51]} Bf5 {[%emt 0:04:47]} 26. Nxf5 {[%emt 0:04:15]} Qxf5 {[%emt 0:00:01]} 27. Bf4 {[%emt 0:00:45]} Rxe1 {[%emt 0:01:35]} 28. Rxe1 {[%emt 0:00:30]} h5 {[%emt 0:02:28]} 29. Bc7 {[%emt 0:02:53]} Rc8 {[%emt 0:01:36]} 30. Bd6 {[%emt 0:00:14]} d4 {[%emt 0:00:13]} 31. Be4 {[%emt 0:01:04]} Qd7 {[%emt 0:00:47]} 32. Bd5 {[%emt 0:02:06]} Re8 {[%emt 0:00:01]} 33. Kg2 {[%emt 0:01:12]} Bf8 {[%emt 0:01:03]} 34. Rxe8 {[%emt 0:01:03]} Qxe8 {[%emt 0:00:01]} 35. Qg5 {[%emt 0:00:13]} Kg7 {[%emt 0:01:01]} 36. Bf4 {[%emt 0:00:17]} Kh7 {[%emt 0:00:32]} 37. Qf6 {[%emt 0:00:14]} Bg7 {[%emt 0:00:29]} 38. Qxf7 {[%emt 0:00:25]} Qxf7 {[%emt 0:00:28]} 39. Bxf7 {[%emt 0:00:04]} d3 {[%emt 0:00:22]} 40. Bd5 {[%emt 0:04:54]} Bb2 {[%emt 0:00:24]} 41. a4 {[%emt 0:31:20]} Bc3 {[%emt 0:06:08]} 42. b5 {[%emt 0:00:00]} axb5 {[%emt 0:01:25]} 43. axb5 {[%emt 0:00:00]} d2 {[%emt 0:02:04]} 44. bxc6 {[%emt 0:00:00]} d1=Q 45. Bf3 {[%emt 0:00:00]} Qc2 {[%emt 0:02:58]} 0-1

[Event "WYCC U18 Open 2019"]
[Site "Mumbai"]
[Date "2019.10.11"]
[Round "10.3"]
[White "Om Kharola"]
[Black "Iniyan, P."]
[Result "1/2-1/2"]
[WhiteElo "2328"]
[BlackElo "2509"]
[Annotator "RC"]
[PlyCount "87"]
[EventDate "2019.10.02"]
[EventType "swiss"]
[EventCountry "IND"]
[SourceTitle "playchess.com"]
[Source "ChessBase"]
[SourceQuality "1"]
[TimeControl "40/5400+30:1800+30"]

1. e4 {[%emt 0:00:00]} c5 {[%emt 0:01:12]} 2. Nf3 {[%emt 0:00:00]} d6 {[%emt 0:00:16]} 3. d4 {[%emt 0:00:00]} cxd4 {[%emt 0:00:08]} 4. Nxd4 {[%emt 0:00:00]} Nf6 5. Nc3 {[%emt 0:00:00]} a6 {[%emt 0:00:08]} 6. h3 {[%emt 0:00:09]} e6 {[%emt 0:00:12]} 7. g4 {[%emt 0:00:09]} h6 {[%emt 0:00:05]} 8. Bg2 g5 {[%emt 0:00:06]} 9. Be3 {[%emt 0:00:44]} Nbd7 {[%emt 0:00:08]} 10. Qe2 {[%emt 0:00:21]} Ne5 {[%emt 0:00:39]} 11. O-O-O {[%emt 0:01:08]} b5 {[%emt 0:04:10]} 12. f4 {[%emt 0:02:13]} gxf4 {[%emt 0:00:08]} 13. Bxf4 {[%emt 0:00:02]} Nfd7 {[%emt 0:02:19]} 14. Qf2 {[%emt 0:00:43]} Qc7 {[%emt 0:08:39]} 15. Nce2 {[%emt 0:08:29]} Bb7 {[%emt 0:01:49]} 16. Kb1 {[%emt 0:03:05]} Nc5 {[%emt 0:19:36]} 17. Ng3 {[%emt 0:00:56]} O-O-O {[%emt 0:00:15]} 18. Nb3 {[%emt 0:04:13]} Ncd7 {[%emt 0:15:32]} 19. Bd2 {[%emt 0:02:38]} Nb6 {[%emt 0:00:09]} 20. Ba5 {[%emt 0:04:57]} Nec4 {[%emt 0:00:09]} 21. Rhf1 {[%emt 0:00:28]} Bg7 {[%emt 0:10:40]} 22. Bxb6 {[%emt 0:00:46]} Nxb6 {[%emt 0:00:22]} 23. Qxf7 {[%emt 0:00:55]} Qxf7 {[%emt 0:00:07]} 24. Rxf7 {[%emt 0:00:10]} Be5 {[%emt 0:00:04]} 25. Na5 {[%emt 0:01:49]} Ba8 {[%emt 0:08:24]} 26. Ne2 {[%emt 0:01:15]} Na4 {[%emt 0:03:29]} 27. c3 {[%emt 0:04:55]} Nc5 {[%emt 0:01:37]} 28. Nd4 {[%emt 0:01:15]} Rd7 {[%emt 0:03:01]} 29. Rf2 {[%emt 0:07:17]} Bxe4+ {[%emt 0:08:08]} 30. Bxe4 {[%emt 0:00:17]} Nxe4 {[%emt 0:00:05]} 31. Re2 {[%emt 0:00:57]} d5 {[%emt 0:02:11]} 32. Nac6 {[%emt 0:02:01]} Bxd4 {[%emt 0:00:07]} 33. cxd4 {[%emt 0:00:55]} Rf8 {[%emt 0:01:58]} 34. Rc1 {[%emt 0:02:41]} Kb7 {[%emt 0:00:39]} 35. Rec2 {[%emt 0:03:14]} Rf2 {[%emt 0:06:35]} 36. Na5+ {[%emt 0:04:06]} Kb6 {[%emt 0:00:18]} 37. b4 {[%emt 0:03:58]} Rxc2 {[%emt 0:01:54]} 38. Rxc2 {[%emt 0:00:01]} Rc7 {[%emt 0:00:01]} 39. Nb3 {[%emt 0:01:45]} Rxc2 {[%emt 0:01:57]} 40. Kxc2 {[%emt 0:00:06]} Nf2 {[%emt 0:00:07]} 41. Nc5 {[%emt 0:32:03]} Nxh3 {[%emt 0:30:28]} 42. Nxe6 {[%emt 0:00:10]} Nf2 {[%emt 0:00:11]} 43. g5 {[%emt 0:00:17]} hxg5 {[%emt 0:00:05]} 44. Nxg5 {[%emt 0:00:39]} 1/2-1/2